Nanotechnology : Principles and applications /

Salvato in:
Dettagli Bibliografici
Autori principali: Singh, Rakesh K (Autore), Chitkara, Mansi (Autore), Sandhu, Inderjeet Singh (Autore)
Natura: Libro
Lingua:inglese
Pubblicazione: New York, USA Jenny Staford Publishing 2021
Soggetti:
Accesso online:https://www.taylorfrancis.com/books/edit/10.1201/9781003120261/nanotechnology-rakesh-sindhu-mansi-chitkara-inderjeet-singh-sandhu?context=ubx&refId=227cb471-79e2-4c3d-a206-6ce12ae91f08
Tags: Aggiungi Tag
Nessun Tag, puoi essere il primo ad aggiungerne!!

MARC

LEADER 00000nam a22000003a 4500
001 0106617
003 SK-STU
005 20240529111739.5
007 ta
008 231129s ----xo-----e------000-0-----d
020 |a 9781003120261 
040 |a STU  |b slo 
041 0 |a eng 
044 |a xxu 
100 1 |a Singh, Rakesh K  |4 aut 
245 1 0 |a Nanotechnology :  |b Principles and applications /  |c aut. Rakesh K Singh, Mansi Chitkara, Inderjeet Singh Sandhu 
260 |a New York, USA  |b Jenny Staford Publishing  |c 2021 
300 |a 562 s. 
500 |a E-book 
650 0 7 |a nanotechnológia 
700 1 |a Chitkara, Mansi  |4 aut 
700 1 |a Sandhu, Inderjeet Singh  |4 aut 
856 4 0 |u https://www.taylorfrancis.com/books/edit/10.1201/9781003120261/nanotechnology-rakesh-sindhu-mansi-chitkara-inderjeet-singh-sandhu?context=ubx&refId=227cb471-79e2-4c3d-a206-6ce12ae91f08 
996 |c M* DigP-428  |l M  |s P  |a 0  |w 0106617_0001